| 000 | 00405nam a2200157 i 4500 | ||
|---|---|---|---|
| 001 | 79388 | ||
| 003 | ES-MaACL | ||
| 005 | 20230906173951.0 | ||
| 007 | t| | ||
| 008 | 041021s1920 xxu ||||1| eng d | ||
| 100 | 1 |
_aHenry, R. M. _962603 |
|
| 245 | 1 | 4 |
_aThe evolution of Sinn Fein / _cR.M. Henry. |
| 260 |
_aNew York : _bB. W. Huebsch, _c1920. |
||
| 300 |
_a318 p. ; _c19 cm. |
||
| 852 |
_aES-MaACL _jF-8279 |
||
| 999 |
_c79388 _d79388 |
||